| 000 | 00674nam a22002297a 4500 | ||
|---|---|---|---|
| 005 | 20200312140519.0 | ||
| 008 | 200312b xxu||||| |||| 00| 0 eng d | ||
| 020 |
_a9781412946919 _cRs.5677.20 |
||
| 040 | _aLoreto College | ||
| 041 | _aEnglish | ||
| 082 |
_a616.89 _bAYE |
||
| 100 | _aAyers,Susan | ||
| 245 |
_aPsychology for medicine _cSusan Ayers and Richard de Visser |
||
| 260 |
_aLondon _bSage Publications _c2011 |
||
| 300 |
_axiv,530p _b22cm |
||
| 504 | _aIncludes bibliographical references and index | ||
| 650 | _aMedicine and psychology | ||
| 650 | _aPsychology,medical | ||
| 700 |
_4Auth _aVisser, Richard de |
||
| 850 |
_aLCLIB _bPsySemLib |
||
| 942 | _cBK | ||
| 999 |
_c42666 _d93145 |
||